LDR 00686naa#a2200169#i#450# 001 EN\\bibl\20112 005 20260702043743.4 100 ## _a20260630b2026####ek#y0engy0150####ca 102 ## _aRU 200 1# _aDESIGN METHODIC OF AN INTELLIGENT ACCIDENT FORECASTING SYSTEM BASED ON GRADIENT BOOSTING ALGORITHMS _eConference article/thesis 210 1# _aVoronezh _cFSBE Institution of Higher Education Voronezh State University of Forestry and Technologies named after G.F. Morozov _d2026 215 ## _a6 с. 608 ## _aConference article/thesis _2local 675 ## _aМетоды решения задач. 004.02 _z 700 #1 _aGidulyan _gA. V. 700 #1 _aSaharov _gSergey Leonidovich 856 4# _abibl.vgltu.ru _u